000 00647cab a2200229 4500
001 WB3327-43
008 090401t1997 xxu||||| |||| 00| 0 eng d
035 _a(Sirsi) u79545
041 _aeng
245 _aLondon`s rising water table
260 _c1997
350 _a0
490 _aDaily Telegraph
_v9 July 1997, 38(1)
520 _aThe level of London`s water table is rising. This could cause major problems for buildings within a decade, according to scientists.
650 _aLONDON UNDERGROUND
650 _aLONDON
650 _aTOWER BLOCKS
650 _aWATER TABLE
690 _aWATER
942 _n0
948 _c10/07/1997
999 _c50012
_d50012